पुरुषार्थसिद्धि उपाय, अनु गंभीरचन्द जैन (Record no. 378185)

MARC details
000 -LEADER
fixed length control field 00872nam a2200241Ia 4500
003 - CONTROL NUMBER IDENTIFIER
control field OSt
005 - DATE AND TIME OF LATEST TRANSACTION
control field 20220923225423.0
008 - FIXED-LENGTH DATA ELEMENTS--GENERAL INFORMATION
fixed length control field 220922b |||||||| |||| 00| 0 san d
037 ## - SOURCE OF ACQUISITION
Terms of availability Textual
040 ## - CATALOGING SOURCE
Original cataloging agency ARTS
Transcribing agency ARTS
Language of cataloging san
041 ## - LANGUAGE CODE
Source of code san
Language code of text/sound track or separate title san
100 ## - MAIN ENTRY--PERSONAL NAME
Personal name अमृत चन्द्र
9 (RLIN) 156291
245 #0 - TITLE STATEMENT
Title पुरुषार्थसिद्धि उपाय, अनु गंभीरचन्द जैन
246 ## - VARYING FORM OF TITLE
Title proper/short title Puruṣhārthasiddhi upāya, anu ganbhīrachanda jaina
260 ## - PUBLICATION, DISTRIBUTION, ETC.
Place of publication, distribution, etc. सोनगढ़
Name of publisher, distributor, etc. श्री दिगम्बर जैन स्वाध्याय
Date of publication, distribution, etc. 1972
300 ## - PHYSICAL DESCRIPTION
Extent 200पृ0
Dimensions cm.
942 ## - ADDED ENTRY ELEMENTS (KOHA)
Classification part R693xD90:2, 152L2
Koha item type Textual
Source of classification or shelving scheme Colon Classification (CC)
Holdings
Withdrawn status Lost status Damaged status Not for loan Home library Current library Date acquired Total Checkouts Full call number Barcode Date last seen Price effective from Koha item type
        Arts Library Arts Library 2022-09-23   R693xD90:2 152L2 AL0385346 2022-09-23 2022-09-23 Textual
Copyright @ Delhi University Library System